| 000 | 00815nam a22002177a 4500 | ||
|---|---|---|---|
| 999 |
_c6115 _d6115 |
||
| 005 | 20260223082829.0 | ||
| 008 | 260223b ||||| |||| 00| 0 eng d | ||
| 020 | _a9781788956000 | ||
| 040 | _cKH8 | ||
| 082 | _a823.00 | ||
| 100 |
_aSami,Anabelle _eAuthor |
||
| 245 |
_aDREAM WEAVERS _bNIGHT OF THE SCARY FAIRIES |
||
| 260 |
_a1 Coda Studios,189 Munster Road,London SW6 6AW _bLittle Tiger _c2023 |
||
| 300 |
_a185 pages _bb illustration _c13cm x 20cm |
||
| 520 | _aWhen Tito is tasked with looking after the new girl at school, Neena introduces him to the magical and fun world of Dreamweaving! But when their classmates start acting strangely...-Library Thing- | ||
| 650 |
_aJuvenile Fiction _vMystery |
||
| 655 | _aMystery | ||
| 655 | _aFantasy | ||
| 700 |
_aillustrator _eBurdett,Forrest |
||
| 942 |
_2ddc _cFIC |
||